Footballeurs de A à Z (n°2) - Statistiques

Statistiques générales
  • Ce quiz a été pris 1 326 fois
    478 depuis la dernière actualisation
  • Le résultat moyen est 18 sur 26
Statistiques - réponses
Lettre Indice Joueur % Correct
B Attaquant français qui a remporté le ballon d'or en 2022. Karim Benzema
99%
A Meilleur buteur de la sélection gabonaise. Pierre-Emerick Aubameyang
90%
K Milieu français qui a gagné la Premier League avec Leicester. N'golo Kanté
89%
G Attaquant français qui est le meilleur buteur de l'histoire des Tigres UANL. André-Pierre Gignac
86%
P SECOND POTEAU ......... Benjamin Pavard
86%
O Gardien slovène qui joue à l'Atlético depuis 2014. Jan Oblak
86%
C Milieu offensif brésilien qui est arrivé au Barça pour 120 millions d'euros. Philippe Coutinho
86%
U Il casse la démarche. Samuel Umtiti
85%
J Attaquant portugais qui joue à Liverpool. Diogo Jota
84%
V Milieu italien qui a passé plus de 10 ans à Paris. Marco Verratti
84%
R Milieu Croate qui a marqué lors de la finale de la LDC en 2015. Ivan Rakitić
77%
X Milieu suisse qui joue au Bayer Leverkusen. Granit Xhaka
75%
L Lyonnais élu meilleur joueur de Ligue 1 en 2015. Alexandre Lacazette
74%
W Fils de la légende libérienne. Timothy Weah
74%
E Jeune footballeur français qui a commencé au Stade de Reims avant d'aller au PSG. Hugo Ekitike
73%
D Meilleur joueur de Premier League lors des saisons 2019-2020 et 2020-2021. Kévin De Bruyne
70%
T Défenseur argentin qui joue à l'OL. Nicolás Tagliafico
66%
H Unique buteur lors du quart de finale entre la France et l'Allemagne lors de la Coupe du Monde 2014. Mats Hummels
65%
F El Tigre Radamel Falcao
60%
Y Espoir turc, il joue à la Juventus. Kenan Yıldız
58%
S Meilleur buteur de la sélection algérienne . Islam Slimani
57%
M Deuxième défenseur le plus cher de l'histoire. Harry Maguire
54%
N Milieu Belge reconnaissable grâce à sa petite crête. Il est notamment passé par l'AS Roma et l'Inter. Radja Nainggolan
53%
Z Plus jeune buteur de l'histoire de l'équipe de France depuis 1914. Warren Zaïre-Emery
38%
I Soulier d'or européen en 2020. Ciro Immobile
32%
Q Colombien passé par Rennes et Porto. Il joue maintenant en Argentine. Juan Fernando Quintero
22%
Aucun quiz correspondant
Distribution des résultats
% des personnes avec chaque résultat
Percentile par nombre de réponses
Votre historique - résultats
Vous n’avez pas pris ce quiz depuis la dernière actualisation